Statistics for New Zealand Rugby All Blacks - Most Tries by Brothers

Click here to take the quiz!

General Stats

  • This quiz has been taken 84 times
    (24 since last reset)
  • The average score is 3 of 6

Answer Stats

Number of TriesBrothers% Correct
63Beauden, Scott and Jordie Barrett
91%
64Ardie and Julian Savea
82%
32Rieko and Akira Ioane
59%
11Gary and Alan Whetton
41%
21Zinzan and Robin Brooke
41%
17Rico and Hosea Gear
14%

Score Distribution

Percentile by Number Answered

Percent of People with Each Score

Your Score History

You have not taken this quiz since the last reset